Interný kouč ako budúcnosť

Výhody interného a externého koučingu. Základné výhody interného koučingu. Financie ako dôležitý momet pri rozhodovaní medzi externým a interným koučingom. Neutralita externého kouča ako výhoda. Kde, kedy a ktorú formu koučingu využiť.

Enregistré dans:
Détails bibliographiques
Auteur principal: Švorcová, Petra
Format: Chapitre de livre
Langue:slovaque
Sujets:
Tags: Ajouter un tag
Pas de tags, Soyez le premier à ajouter un tag!

MARC

LEADER 00000naa a2200000 4500
001 0143809
005 20231113071228.1
041 0 |a slo 
044 |a SK 
245 1 0 |a Interný kouč ako budúcnosť  |c Petra Švorcová 
520 |a Výhody interného a externého koučingu. Základné výhody interného koučingu. Financie ako dôležitý momet pri rozhodovaní medzi externým a interným koučingom. Neutralita externého kouča ako výhoda. Kde, kedy a ktorú formu koučingu využiť. 
610 2 0 |a koučovanie 
610 2 0 |a riadenie 
610 2 0 |a vedenie 
610 2 0 |a zamestnanci 
610 2 0 |a manažéri 
610 2 0 |a kompetencie 
610 2 0 |a zručnosti 
610 2 0 |a firmy 
610 2 0 |a financie 
100 1 |a Švorcová, Petra